The Choral Journal

Saved in:

Format: Journal

Language: Undetermined

Published: JSTOR
American Choral Directors Association

Subjects:

Online Access: Login to view Source

Tags: Add Tag

No Tags, Be the first to tag this record!

Call Number:

LEADER 00507nas a2200169Ia 4500
008 220214c99999999xx |||||||||||| ||und||
022 |a 2163-2170 
022 |a سبتمبر-28 
245 0 4 |a The Choral Journal 
264 1 |b JSTOR 
264 1 |b American Choral Directors Association 
362 0 |a Vol. 1(1959)-60 (2019) 
653 1 0 |a Music 
856 4 0 |u https://www.jstor.org/journal/choralj 
942 |c JL 
952 |0 0  |1 0  |4 0  |7 1  |9 34533  |a JSR  |b JSR  |d 2022-02-14  |l 0  |r 2022-02-14 00:00:00  |w 2022-02-14  |y JL 
999 |c 42866  |d 42866